000 00477nam a2200181Ia 4500
001 13706
005 20260306164820.0
008 260306t2012||||xx |||||||||||||| ||spa||
041 _aESP
082 _a005.133
_bP43
100 _aPerkovic, Ljubomir
_eAUT
245 0 _aIntroduction to computing using Python:
_ban application development focus
260 _c2012
300 _axiii, 484 páginas :
_c00 cm.
650 _aGEN
654 _aCCC
942 _cLIB
_dJUS
_fJUS
_2ddc
_n
999 _c13706
_d13706